<?xml version="1.0" encoding="UTF-8"?>
<record
    xmlns:xsi="http://www.w3.org/2001/XMLSchema-instance"
    xsi:schemaLocation="http://www.loc.gov/MARC21/slim http://www.loc.gov/standards/marcxml/schema/MARC21slim.xsd"
    xmlns="http://www.loc.gov/MARC21/slim">

  <leader>00380nam a2200145Ia 4500</leader>
  <controlfield tag="008">230519s9999    xx            000 0 und d</controlfield>
  <datafield tag="020" ind1=" " ind2=" ">
    <subfield code="a">978-93-81390-19-1</subfield>
  </datafield>
  <datafield tag="041" ind1=" " ind2=" ">
    <subfield code="a">eng</subfield>
  </datafield>
  <datafield tag="082" ind1=" " ind2=" ">
    <subfield code="a">AD/610.7/CHA/DB0371</subfield>
  </datafield>
  <datafield tag="100" ind1=" " ind2=" ">
    <subfield code="a">Chanda Eshita</subfield>
  </datafield>
  <datafield tag="245" ind1=" " ind2=" ">
    <subfield code="a">Introduction to Nursing Education</subfield>
  </datafield>
  <datafield tag="260" ind1=" " ind2=" ">
    <subfield code="b">S Vikas and Co</subfield>
    <subfield code="a">Jalandhar</subfield>
    <subfield code="c">2014</subfield>
  </datafield>
  <datafield tag="300" ind1=" " ind2=" ">
    <subfield code="a">279p</subfield>
  </datafield>
  <datafield tag="999" ind1=" " ind2=" ">
    <subfield code="c">159185</subfield>
    <subfield code="d">159185</subfield>
  </datafield>
  <datafield tag="952" ind1=" " ind2=" ">
    <subfield code="0">0</subfield>
    <subfield code="1">0</subfield>
    <subfield code="4">0</subfield>
    <subfield code="7">0</subfield>
    <subfield code="8">AD</subfield>
    <subfield code="a">BTIN</subfield>
    <subfield code="b">BTIN</subfield>
    <subfield code="d">2015-06-25</subfield>
    <subfield code="g">325.00</subfield>
    <subfield code="i">79</subfield>
    <subfield code="l">1</subfield>
    <subfield code="o">AD 610.7 CHA DB0371</subfield>
    <subfield code="p">BTIN-DB-371</subfield>
    <subfield code="r">2025-05-02 00:00:00</subfield>
    <subfield code="s">2025-04-17</subfield>
    <subfield code="w">2015-05-20</subfield>
    <subfield code="y">DB</subfield>
    <subfield code="z">DB0371</subfield>
  </datafield>
  <datafield tag="952" ind1=" " ind2=" ">
    <subfield code="0">0</subfield>
    <subfield code="1">0</subfield>
    <subfield code="4">0</subfield>
    <subfield code="7">0</subfield>
    <subfield code="8">AD</subfield>
    <subfield code="a">BTIN</subfield>
    <subfield code="b">BTIN</subfield>
    <subfield code="d">2016-10-04</subfield>
    <subfield code="g">295.00</subfield>
    <subfield code="i">79</subfield>
    <subfield code="l">0</subfield>
    <subfield code="o">AD 610.7 CHA DB0505</subfield>
    <subfield code="p">BTIN-DB-505</subfield>
    <subfield code="r">2023-05-19 00:00:00</subfield>
    <subfield code="w">2015-05-20</subfield>
    <subfield code="y">DB</subfield>
    <subfield code="z">DB0505</subfield>
  </datafield>
  <datafield tag="952" ind1=" " ind2=" ">
    <subfield code="0">0</subfield>
    <subfield code="1">0</subfield>
    <subfield code="4">0</subfield>
    <subfield code="7">0</subfield>
    <subfield code="8">AD</subfield>
    <subfield code="a">BTIN</subfield>
    <subfield code="b">BTIN</subfield>
    <subfield code="d">2018-08-29</subfield>
    <subfield code="g">375.00</subfield>
    <subfield code="i">79</subfield>
    <subfield code="l">2</subfield>
    <subfield code="o">AD 610.7 CHA DB0763</subfield>
    <subfield code="p">BTIN-DB-763</subfield>
    <subfield code="r">2025-04-23 00:00:00</subfield>
    <subfield code="s">2025-04-17</subfield>
    <subfield code="w">2015-05-20</subfield>
    <subfield code="y">DB</subfield>
    <subfield code="z">DB0763</subfield>
  </datafield>
</record>
